000 00611nam a22002177a 4500
003 OSt
005 20220107122847.0
008 190118b xxu||||| |||| 00| 0 eng d
020 _a9780387310732
040 _cIIITMK
082 _a006.4 BIS/P; 1
100 _aBishop, Christopher M
_915260
245 _aPattern recognition and machine learning
_cChristopher M Bishop
260 _aNew Delhi,
_bSpringer,
_c2006.
300 _axx, 738p.
650 _aCOMPUTER SCIENCE
_916525
650 _aPATTERN RECOGNITION
_916526
650 _aMACHINE LEARNING
_916527
650 _aALGORITHMS
_916528
942 _2ddc
_cBK
999 _c6361
_d6361